TV Show Characters (1960s) Quiz Stats

 Plays Quiz Updated Jan 3, 2018

Challenge
Share
Tweet
Score 0/24 Timer 05:00
13 Plays Today
Hint Answer % Correct
Batman (Batman)
98.7%
Wilma Flintstone (The Flintstones)
94.2%
Mister Ed (Mister Ed)
89.6%
Herman Munster (The Munsters)
85.9%
Marcia Brady (The Brady Bunch)
84.4%
Jeannie (I Dream of Jeannie)
83.7%
Boo-Boo Bear (The Yogi Bear Show)
81.6%
Elroy Jetson (The Jetsons)
81.4%
Samantha Stephens (Bewitched)
79.6%
Jed Clampett (The Beverly Hillbillies)
79.6%
Morticia Addams (The Addams Family)
78.8%
Mr. Magoo (Mister Magoo)
78.2%
Hint Answer % Correct
Velma Dinkley (Scooby-Doo, Where Are You!)
77.9%
Maxwell Smart (Get Smart)
75.7%
Gomer Pyle (Gomer Pyle, U.S.M.C.)
75.4%
Barney Fife (The Andy Griffith Show)
71.5%
Colonel Robert Hogan (Hogan's Heroes)
68.5%
Mary Ann Summers (Gilligan's Island)
66.4%
Rob Petrie (The Dick Van Dyke Show)
54%
Lieutenant Commander Quinton McHale (McHale's Navy)
50.3%
Steve Douglas (My Three Sons)
27.7%
Napoleon Solo (The Man From U.N.C.L.E.)
25.7%
Mr. Haney (Green Acres)
25.2%
Kate Bradley (Petticoat Junction)
9.8%

You're not logged in!

Compare scores with friends on all Sporcle quizzes.
Join for Free
OR
Log In

You Might Also Like...

Show Comments

Extras

Top Quizzes Today


Score Distribution

Your Account Isn't Verified!

In order to create a playlist on Sporcle, you need to verify the email address you used during registration. Go to your Sporcle Settings to finish the process.

Report this User

Report this user for behavior that violates our Community Guidelines.

Details: